[Event "Paris-ch op-B 87th"]
[Site "Paris"]
[Date "2012.07.15"]
[Round "9"]
[White "Partac, Elena"]
[Black "Kouptsov, Vladimir"]
[Result "1/2-1/2"]
[WhiteElo "2129"]
[BlackElo "2188"]
[PlyCount "24"]
[EventDate "2012.07.07"]
[EventType "swiss"]
[EventRounds "9"]
[EventCountry "FRA"]
[SourceTitle "EXT 2013"]
[Source "ChessBase"]
[SourceDate "2012.11.22"]
[SourceVersion "1"]
[SourceVersionDate "2012.11.22"]
[SourceQuality "1"]

1. e4 d5 2. exd5 Qxd5 3. Nc3 Qa5 4. d4 Nf6 5. h3 Bf5 6. Bc4 e6 7. Bd2 c6 8. Nf3 Nbd7 9. Nd5 Qd8 10. Nxf6+ gxf6 11. c3 Bd6 12. Qe2 Nb6 1/2-1/2

[Event "Paris-ch op-B 87th"]
[Site "Paris"]
[Date "2012.07.13"]
[Round "7"]
[White "Caille, Vincent"]
[Black "Kouptsov, Vladimir"]
[Result "0-1"]
[WhiteElo "1903"]
[BlackElo "2188"]
[PlyCount "64"]
[EventDate "2012.07.07"]
[EventType "swiss"]
[EventRounds "9"]
[EventCountry "FRA"]
[SourceTitle "EXT 2013"]
[Source "ChessBase"]
[SourceDate "2012.11.22"]
[SourceVersion "1"]
[SourceVersionDate "2012.11.22"]
[SourceQuality "1"]

1. e4 c6 2. d4 g6 3. Be3 Bg7 4. c3 Nf6 5. Nd2 0-0 6. Be2 d6 7. g4 e5 8. h4 d5 9. Bg5 exd4 10. e5 d3 11. Bxd3 Re8 12. f4 Qb6 13. Bxf6 Bxf6 14. Ne2 Qe3 15. Nf1 Qf3 16. Nfg3 Qxg4 17. Qd2 Bxh4 18. 0-0-0 Na6 19. Rdg1 Nc5 20. Bc2 Rxe5 21. Rxh4 Rxe2 22. Qxe2 Qxh4 23. Qe8+ Kg7 24. Qe5+ Kf8 25. Re1 Ne6 26. Qh8+ Ke7 27. f5 Qxg3 28. Rxe6+ fxe6 29. f6+ Kd6 30. Qd8+ Bd7 31. Qxa8 Qe3+ 32. Kd1 Qf3+ 0-1

[Event "Paris-ch op-B 87th"]
[Site "Paris"]
[Date "2012.07.10"]
[Round "4"]
[White "Kouptsov, Vladimir"]
[Black "Baron, Thierry"]
[Result "1/2-1/2"]
[WhiteElo "2188"]
[BlackElo "2274"]
[PlyCount "103"]
[EventDate "2012.07.07"]
[EventType "swiss"]
[EventRounds "9"]
[EventCountry "FRA"]
[SourceTitle "EXT 2013"]
[Source "ChessBase"]
[SourceDate "2012.11.22"]
[SourceVersion "1"]
[SourceVersionDate "2012.11.22"]
[SourceQuality "1"]

1. d4 Nf6 2. c4 g6 3. g3 d5 4. cxd5 Nxd5 5. Bg2 Bg7 6. Nf3 0-0 7. 0-0 Nb6 8. Nc3 Na6 9. Bf4 c5 10. d5 Bxc3 11. bxc3 Qxd5 12. Nd2 Qh5 13. Re1 Nd5 14. Qa4 Nxf4 15. Qxf4 Rb8 16. Bf3 Qf5 17. Qh6 Qe5 18. Ne4 Bf5 19. Ng5 Qg7 20. Qh4 h6 21. Ne4 g5 22. Qh5 Rfd8 23. g4 Bg6 24. Qh3 Qe5 25. Ng3 Kg7 26. Qg2 b6 27. Rac1 Nc7 28. a4 Nd5 29. Bxd5 Qxd5 30. e4 Qd2 31. Nf1 Qf4 32. Re3 e6 33. Rce1 Rd7 34. h4 Rbd8 35. h5 Bh7 36. f3 Bg8 37. Qb2 Qe5 38. a5 Rd6 39. axb6 axb6 40. Qb5 f6 41. Kg2 Ra8 42. R3e2 Bf7 43. Ne3 Be8 44. Qb3 b5 45. Nc4 bxc4 46. Qb7+ Bf7 47. Qxa8 Qxc3 48. e5 fxe5 49. Qe4 Rd5 50. Rc2 Qd3 51. Rec1 Be8 52. Rxc4 1/2-1/2